Egy IT vállalat költözése a projektmenedzsment nézőpontjából

Bibliográfiai részletek
Szerző: Havasi Marcell
További közreműködők: Gosztonyi Dr. Márton
Dokumentumtípus: Diplomadolgozat
Kulcsszavak:Projektmenedzsment
Projekt
IT
Kockázatmenedzsment
Erőforrások
Online Access:http://dolgozattar.uni-bge.hu/20599

MARC

LEADER 00000nta a2200000 i 4500
001 dolg20599
005 20200424111124.0
008 190506suuuu hu om 000 hun d
040 |a BGE Dolgozattár Repozitórium  |b hun 
041 |a hu 
100 1 |a Havasi Marcell 
245 1 0 |a Egy IT vállalat költözése a projektmenedzsment nézőpontjából  |c Havasi Marcell  |h [elektronikus dokumentum] 
695 |a Projektmenedzsment 
695 |a Projekt 
695 |a IT 
695 |a Kockázatmenedzsment 
695 |a Erőforrások 
700 1 |a Gosztonyi Dr. Márton  |e ths 
856 4 0 |u http://dolgozattar.uni-bge.hu/20599/1/Szakdolgozat_Havasi_Marcell.pdf  |z Dokumentum-elérés 
856 4 0 |u http://dolgozattar.uni-bge.hu/20599/2/HivatalosBejegyzes.pdf  |z Dokumentum-elérés